[Event "SLO-chT1 West"]
[Site "Slovenia"]
[Date "2018.09.29"]
[Round "2.4"]
[White "Kralj, Samo"]
[Black "Pazlar, Marko"]
[Result "1/2-1/2"]
[WhiteElo "2029"]
[BlackElo "2073"]
[PlyCount "89"]
[EventDate "2018.09.28"]
[EventType "team-tourn"]
[EventRounds "9"]
[EventCountry "SLO"]
[SourceTitle "CBM 187 Extra"]
[Source "ChessBase"]
[SourceDate "2018.11.04"]
[SourceVersion "1"]
[SourceVersionDate "2018.11.04"]
[SourceQuality "1"]
[WhiteTeam "Komenda"]
[BlackTeam "Jeenice Sij Acroni"]
[WhiteTeamCountry "SLO"]
[BlackTeamCountry "SLO"]

1. e4 e6 2. d4 d5 3. e5 c5 4. c3 Nc6 5. Nf3 Bd7 6. a3 cxd4 7. cxd4 f6 8. Bd3 Qb6 9. Bc2 Be7 10. 0-0 Nh6 11. Nc3 Nf7 12. b4 0-0 13. Qd3 g6 14. Re1 fxe5 15. b5 Nxd4 16. Nxd4 Qxd4 17. Qxd4 exd4 18. Nxd5 Bd8 19. Nb4 Nd6 20. Bb3 Ba5 21. Bxe6+ Bxe6 22. Rxe6 Rae8 23. Rxe8 Rxe8 24. Kf1 Nxb5 25. Bb2 Kf7 26. Rd1 Bxb4 27. axb4 Rd8 28. Ke2 Ke6 29. Kd3 Rc8 30. Re1+ Kd5 31. f4 a6 32. Re5+ Kd6 33. Bxd4 Nxd4 34. Kxd4 Rc2 35. Rg5 b5 36. f5 gxf5 37. Rxf5 Rc4+ 38. Kd3 Rxb4 39. Rf6+ Kc5 40. Rxa6 Rh4 41. h3 h5 42. Rh6 Rd4+ 43. Kc3 Rd5 44. g4 hxg4 45. hxg4 1/2-1/2

[Event "SLO-chT1 West"]
[Site "Ljubljana"]
[Date "2014.10.03"]
[Round "1"]
[White "Pazlar, Marko"]
[Black "Orehek, Spela"]
[Result "1/2-1/2"]
[WhiteElo "2056"]
[BlackElo "2024"]
[PlyCount "58"]
[EventDate "2014.10.03"]
[EventType "team-tourn"]
[EventRounds "9"]
[EventCountry "SLO"]
[SourceTitle "EXT 2019"]
[Source "ChessBase"]
[SourceDate "2018.10.10"]
[SourceVersion "1"]
[SourceVersionDate "2018.10.10"]
[SourceQuality "1"]
[WhiteTeam "Jesenice"]
[BlackTeam "Domzale"]
[WhiteTeamCountry "SLO"]
[BlackTeamCountry "SLO"]

1. Nf3 d6 2. d4 g6 3. g3 Bg7 4. Bg2 Nd7 5. 0-0 e5 6. e4 Ne7 7. c3 0-0 8. Nbd2 exd4 9. Nxd4 Nc6 10. N2b3 Nxd4 11. Nxd4 Re8 12. Re1 Nc5 13. h4 Bd7 14. Bf4 a5 15. Qd2 a4 16. Bg5 Qc8 17. Kh2 Rb8 18. Rad1 b5 19. a3 Ne6 20. Nxe6 Bxe6 21. Be3 Bb3 22. Rc1 Qd7 23. Bd4 Rbd8 24. Bxg7 Kxg7 25. Re3 Bc4 26. Rce1 Re7 27. Bh3 Qe8 28. Qd4+ Kg8 29. Bg2 Qf8 1/2-1/2

[Event "SLO-chT2 West"]
[Site "Ljubljana"]
[Date "2013.11.10"]
[Round "5.6"]
[White "Pazlar, Marko"]
[Black "Luci, Andrej"]
[Result "1-0"]
[WhiteElo "2049"]
[BlackElo "1560"]
[PlyCount "97"]
[EventDate "2013.11.08"]
[EventType "team"]
[EventRounds "9"]
[EventCountry "SLO"]
[SourceTitle "EXT 2015"]
[Source "ChessBase"]
[SourceDate "2014.11.20"]
[SourceVersion "1"]
[SourceVersionDate "2014.11.20"]
[SourceQuality "1"]
[WhiteTeam "Jesenice"]
[BlackTeam "Lojz Kraigher"]
[WhiteTeamCountry "SLO"]
[BlackTeamCountry "SLO"]

1. Nf3 Nf6 2. d4 g6 3. g3 Bg7 4. Bg2 0-0 5. 0-0 d5 6. c4 c6 7. Ne5 Nbd7 8. Nc3 e6 9. f4 h5 10. h3 Nh7 11. Qd3 Qe8 12. e4 Nxe5 13. dxe5 dxc4 14. Qxc4 b6 15. h4 Bb7 16. Be3 Qc8 17. Rfd1 Rd8 18. Rxd8+ Qxd8 19. Rd1 Qe8 20. Qd3 Bf8 21. Qd7 Qxd7 22. Rxd7 Ba6 23. Bf1 Bxf1 24. Kxf1 Bb4 25. Rc7 Bxc3 26. bxc3 c5 27. c4 Kf8 28. Ke2 Ke8 29. a4 Nf8 30. a5 Nd7 31. Rb7 Kd8 32. Kf3 Kc8 33. a6 Kd8 34. g4 Ke8 35. Rc7 Kd8 36. Rc6 Nb8 37. Rd6+ Ke8 38. f5 hxg4+ 39. Kxg4 exf5+ 40. exf5 gxf5+ 41. Kxf5 Nxa6 42. h5 Nc7 43. h6 Kf8 44. Rd7 Ne8 45. e6 fxe6+ 46. Kg6 Kg8 47. Bf4 Nf6 48. Kxf6 Rf8+ 49. Kg6 1-0

[Event "SLO-ch 23rd"]
[Site "Sentjur"]
[Date "2013.04.09"]
[Round "4"]
[White "Pazlar, Marko"]
[Black "Basagic, Zlatko"]
[Result "0-1"]
[WhiteElo "2040"]
[BlackElo "2327"]
[PlyCount "84"]
[EventDate "2013.04.06"]
[EventType "swiss"]
[EventRounds "9"]
[EventCountry "SLO"]
[SourceTitle "CBM 153 Extra"]
[Source "ChessBase"]
[SourceDate "2013.04.22"]
[SourceVersion "1"]
[SourceVersionDate "2013.04.22"]
[SourceQuality "1"]

1. f4 g6 2. e3 Bg7 3. d4 d6 4. Nf3 Nd7 5. Bc4 Ngf6 6. 0-0 0-0 7. a4 c6 8. c3 Qc7 9. a5 e5 10. fxe5 dxe5 11. Ng5 Qd6 12. Qb3 Qe7 13. Nd2 h6 14. Nh3 b5 15. Bd3 Kh7 16. Qc2 a6 17. Nf2 c5 18. dxc5 Nxc5 19. Nde4 Nfxe4 20. Nxe4 f5 21. Nxc5 Qxc5 22. Kh1 e4 23. Be2 Be6 24. Rd1 h5 25. Bf1 Rad8 26. Rxd8 Rxd8 27. Bd2 Qc7 28. Be1 Be5 29. h3 Bc4 30. Bh4 Rd5 31. Bxc4 Qxc4 32. Rd1 Rxd1+ 33. Qxd1 Qd3 34. Qe1 Qc2 35. Bg3 Bf6 36. Kh2 g5 37. Bb8 h4 38. Qa1 Qb3 39. Qc1 Qd5 40. Qf1 Kg6 41. Qe2 Qd8 42. Ba7 Qc7+ 0-1

[Event "SLO-ch 23rd"]
[Site "Sentjur"]
[Date "2013.04.07"]
[Round "2"]
[White "Pazlar, Marko"]
[Black "Mazi, Leon"]
[Result "0-1"]
[WhiteElo "2040"]
[BlackElo "2355"]
[PlyCount "118"]
[EventDate "2013.04.06"]
[EventType "swiss"]
[EventRounds "9"]
[EventCountry "SLO"]
[SourceTitle "CBM 153 Extra"]
[Source "ChessBase"]
[SourceDate "2013.04.22"]
[SourceVersion "1"]
[SourceVersionDate "2013.04.22"]
[SourceQuality "1"]

1. Nf3 g6 2. d4 Bg7 3. g3 Nf6 4. Bg2 0-0 5. 0-0 d6 6. Nbd2 c5 7. dxc5 dxc5 8. Nc4 Nc6 9. c3 Be6 10. Qa4 Qe8 11. Na5 Nxa5 12. Qxa5 Qc8 13. Ng5 Bd5 14. Bxd5 Nxd5 15. Rd1 Qc6 16. e4 Nb6 17. Be3 Rfc8 18. b3 h6 19. Nh3 Qxe4 20. Bxc5 Nd5 21. Re1 Qf5 22. Bd4 b6 23. Qb5 a6 24. Qf1 e5 25. c4 exd4 26. cxd5 Qxd5 27. Nf4 Qa5 28. Nd3 Rc2 29. Re2 Rac8 30. Qd1 R2c3 31. Rb1 h5 32. f4 h4 33. g4 Qb5 34. Rd2 Qd5 35. Qe2 a5 36. Rf1 R3c6 37. f5 g5 38. Re1 R6c7 39. Qe4 Qxe4 40. Rxe4 Rc2 41. Ree2 Rxd2 42. Rxd2 Re8 43. Kf2 Re3 44. Ne1 Re4 45. h3 Re3 46. Rd3 Re8 47. Nf3 Rc8 48. Ke2 Bf6 49. Nxd4 Rc1 50. a4 Rh1 51. Nc6 Rh2+ 52. Kd1 Kg7 53. Nb8 Be5 54. Nd7 Bg3 55. Nxb6 Rxh3 56. Nc4 Rh1+ 57. Ke2 Bf4 58. Kf2 h3 59. Nd2 Bxd2 0-1

[Event "Latschach op 27th"]
[Site "Latschach"]
[Date "2011.08.16"]
[Round "5"]
[White "Saathoff, Richard"]
[Black "Pazlar, Marko"]
[Result "1/2-1/2"]
[WhiteElo "2144"]
[BlackElo "2059"]
[PlyCount "27"]
[EventDate "2011.08.13"]
[EventType "swiss"]
[EventRounds "9"]
[EventCountry "AUT"]
[SourceTitle "CBM 143 Extra"]
[Source "ChessBase"]
[SourceDate "2011.08.29"]
[SourceVersion "1"]
[SourceVersionDate "2011.08.29"]
[SourceQuality "1"]

1. e4 e6 2. d4 d5 3. Nc3 Bb4 4. e5 Ne7 5. a3 Bxc3+ 6. bxc3 c5 7. Qg4 0-0 8. Bd3 f5 9. exf6 Rxf6 10. Bg5 Rf7 11. Qh5 g6 12. Qd1 Nbc6 13. Nf3 Qc7 14. 0-0 1/2-1/2

[Event "SLO-chT1 West"]
[Site "Ljubljana"]
[Date "2010.10.15"]
[Round "7.3"]
[White "Pazlar, Marko"]
[Black "Plaskan, Jure"]
[Result "1-0"]
[WhiteElo "2057"]
[BlackElo "2224"]
[PlyCount "127"]
[EventDate "2010.09.24"]
[EventType "team-tourn"]
[EventRounds "9"]
[EventCountry "SLO"]
[SourceTitle "CBM 138 Extra"]
[Source "ChessBase"]
[SourceDate "2010.10.29"]
[SourceVersion "1"]
[SourceVersionDate "2010.10.29"]
[SourceQuality "1"]
[WhiteTeam "Jesenice"]
[BlackTeam "Domzale"]
[WhiteTeamCountry "SLO"]
[BlackTeamCountry "SLO"]

1. Nf3 c5 2. c4 Nf6 3. g3 d5 4. cxd5 Nxd5 5. Bg2 Nc6 6. 0-0 e5 7. Nc3 Nc7 8. d3 Be7 9. Be3 0-0 10. Rc1 Be6 11. b3 Rc8 12. Qd2 f6 13. Rfd1 Qd7 14. Qb2 Nd4 15. Bxd4 cxd4 16. Ne4 Nd5 17. Rxc8 Rxc8 18. Rc1 Bb4 19. a3 Bc3 20. Qb1 Qe7 21. b4 b6 22. Kf1 Qd7 23. Rc2 Ne7 24. b5 Bd5 25. Ned2 Rc5 26. a4 Qe6 27. Ne4 Bxe4 28. dxe4 Nc8 29. Ne1 Nd6 30. Nd3 Rc8 31. h4 Kh8 32. Kg1 Nb7 33. Kh2 Qc4 34. Qa2 Qxa2 35. Rxa2 Ba5 36. f4 exf4 37. gxf4 Nd6 38. e5 fxe5 39. fxe5 Nc4 40. Kg3 Re8 41. Kf4 Bd2+ 42. Ke4 Bc3 43. Bh3 g6 44. Bd7 Re7 45. e6 Kg7 46. Nf4 Nd6+ 47. Kd3 Nb7 48. Nd5 Kf8 49. Nxe7 Kxe7 50. e3 Nc5+ 51. Kc4 Be1 52. exd4 Nxd7 53. exd7 Bxh4 54. Rh2 g5 55. Kd5 Kxd7 56. Rh3 h5 57. Ke5 Ke7 58. d5 Kd7 59. d6 Bf2 60. Rxh5 Bg3+ 61. Kd5 Bxd6 62. Rxg5 Bb4 63. Rg7+ Kc8 64. Kc6 1-0

[Event "SLO-chT1 West"]
[Site "Ljubljana"]
[Date "2010.09.25"]
[Round "2.2"]
[White "Pazlar, Marko"]
[Black "Beletic, Daniel"]
[Result "0-1"]
[WhiteElo "2057"]
[BlackElo "2219"]
[PlyCount "90"]
[EventDate "2010.09.24"]
[EventType "team-tourn"]
[EventRounds "9"]
[EventCountry "SLO"]
[SourceTitle "CBM 138 Extra"]
[Source "ChessBase"]
[SourceDate "2010.10.29"]
[SourceVersion "1"]
[SourceVersionDate "2010.10.29"]
[SourceQuality "1"]
[WhiteTeam "Jesenice"]
[BlackTeam "Koper"]
[WhiteTeamCountry "SLO"]
[BlackTeamCountry "SLO"]

1. Nf3 Nf6 2. g3 g6 3. c4 Bg7 4. Bg2 0-0 5. Nc3 d6 6. 0-0 Nc6 7. d3 Re8 8. e4 e5 9. h3 Nd7 10. Rb1 a5 11. a3 Nc5 12. b4 axb4 13. axb4 Ne6 14. Ne2 b5 15. cxb5 Na7 16. Ra1 Bd7 17. b6 cxb6 18. Bb2 Nb5 19. d4 Rxa1 20. Qxa1 f6 21. Rd1 Qe7 22. Qa6 Rb8 23. d5 Nec7 24. Qa2 Bh6 25. Ra1 Qe8 26. Qb1 Qc8 27. Kh2 Na6 28. Bc1 Bxc1 29. Qxc1 Qxc1 30. Rxc1 Nxb4 31. Ne1 Ra8 32. Bf1 Ra2 33. Kg1 f5 34. Rb1 Ra4 35. f3 fxe4 36. fxe4 Na6 37. Kf2 Nc5 38. Bg2 Ra2 39. Ke3 Rxe2+ 40. Kxe2 Nc3+ 41. Kd2 Nxb1+ 42. Kc2 Na3+ 43. Kc3 Nb5+ 44. Kb4 Nd4 45. g4 h6 0-1

[Event "Latschach op 26th"]
[Site "Latschach"]
[Date "2010.08.17"]
[Round "5"]
[White "Mestek, Igor"]
[Black "Pazlar, Marko"]
[Result "1/2-1/2"]
[WhiteElo "2199"]
[BlackElo "2057"]
[PlyCount "41"]
[EventDate "2010.08.14"]
[EventType "swiss"]
[EventRounds "9"]
[EventCountry "AUT"]
[SourceTitle "CBM 138 Extra"]
[Source "ChessBase"]
[SourceDate "2010.10.29"]
[SourceVersion "1"]
[SourceVersionDate "2010.10.29"]
[SourceQuality "1"]

1. e4 e6 2. Nc3 d5 3. g3 dxe4 4. Nxe4 Bd7 5. Nf3 Bc6 6. Qe2 Nf6 7. Nxf6+ Qxf6 8. Bg2 Bd6 9. d4 0-0 10. 0-0 Nd7 11. c4 Bxf3 12. Bxf3 Qxd4 13. Bxb7 Rab8 14. Rd1 Qe5 15. Bf3 Rfd8 16. Rb1 Qxe2 17. Bxe2 a5 18. Be3 Nc5 19. b3 Ne4 20. Rbc1 Bc5 21. Bxc5 1/2-1/2